The organic codes : (Record no. 7028)

MARC details
000 -LEADER
fixed length control field 01399cam a22003374a 4500
001 - CONTROL NUMBER
control field 12832178
003 - CONTROL NUMBER IDENTIFIER
control field OSt
005 - DATE AND TIME OF LATEST TRANSACTION
control field 20240110073143.0
008 - FIXED-LENGTH DATA ELEMENTS--GENERAL INFORMATION
fixed length control field 020625s2003 enka 001 0 eng
010 ## - LIBRARY OF CONGRESS CONTROL NUMBER
LC control number 2002073767
020 ## - INTERNATIONAL STANDARD BOOK NUMBER
International Standard Book Number 0521824141 (hbk.)
020 ## - INTERNATIONAL STANDARD BOOK NUMBER
International Standard Book Number 0521531004 (pbk.)
040 ## - CATALOGING SOURCE
Original cataloging agency DLC
Transcribing agency DLC
Modifying agency DLC
042 ## - AUTHENTICATION CODE
Authentication code pcc
050 00 - LIBRARY OF CONGRESS CALL NUMBER
Classification number QH331
Item number .B247 2003
082 00 - DEWEY DECIMAL CLASSIFICATION NUMBER
Classification number 570.1 BAR 2003
100 1# - MAIN ENTRY--PERSONAL NAME
Personal name Barbieri, Marcello.
9 (RLIN) 14443
245 14 - TITLE STATEMENT
Title The organic codes :
Remainder of title an introduction to semantic biology
260 ## - PUBLICATION, DISTRIBUTION, ETC. (IMPRINT)
Place of publication, distribution, etc. Cambridge:
Name of publisher, distributor, etc. Cambridge University Press,
Date of publication, distribution, etc. 2003.
300 ## - PHYSICAL DESCRIPTION
Extent xiv, 301 p. :
Other physical details ill. ;
Dimensions 24 cm.
504 ## - BIBLIOGRAPHY, ETC. NOTE
Bibliography, etc Includes bibliographical references (p. [279]-293) and index.
650 #0 - SUBJECT ADDED ENTRY--TOPICAL TERM
Topical term or geographic name as entry element Biology
General subdivision Philosophy.
9 (RLIN) 14444
650 #0 - SUBJECT ADDED ENTRY--TOPICAL TERM
Topical term or geographic name as entry element Evolution (Biology)
9 (RLIN) 13605
856 41 - ELECTRONIC LOCATION AND ACCESS
Materials specified Sample text
Uniform Resource Identifier <a href="http://www.loc.gov/catdir/samples/cam033/2002073767.html">http://www.loc.gov/catdir/samples/cam033/2002073767.html</a>
856 42 - ELECTRONIC LOCATION AND ACCESS
Materials specified Publisher description
Uniform Resource Identifier <a href="http://www.loc.gov/catdir/description/cam031/2002073767.html">http://www.loc.gov/catdir/description/cam031/2002073767.html</a>
856 41 - ELECTRONIC LOCATION AND ACCESS
Materials specified Table of contents
Uniform Resource Identifier <a href="http://www.loc.gov/catdir/toc/cam031/2002073767.html">http://www.loc.gov/catdir/toc/cam031/2002073767.html</a>
856 42 - ELECTRONIC LOCATION AND ACCESS
Materials specified Contributor biographical information
Uniform Resource Identifier <a href="http://www.loc.gov/catdir/enhancements/fy0731/2002073767-b.html">http://www.loc.gov/catdir/enhancements/fy0731/2002073767-b.html</a>
906 ## - LOCAL DATA ELEMENT F, LDF (RLIN)
a 7
b cbc
c orignew
d 1
e ocip
f 20
g y-gencatlg
942 ## - ADDED ENTRY ELEMENTS (KOHA)
Source of classification or shelving scheme Dewey Decimal Classification
Koha item type Open Shelf
Holdings
Withdrawn status Lost status Source of classification or shelving scheme Damaged status Not for loan Home library Current library Date acquired Source of acquisition Inventory number Total Checkouts Full call number Barcode Date last seen Price effective from Koha item type
    Dewey Decimal Classification     MUST Main Library MUST Main Library 27/08/2021 donation 03/18730   570.1BAR2003 2021-0711 27/08/2021 27/08/2021 Open Shelf
    Dewey Decimal Classification     MUST Main Library MUST Main Library 27/08/2021 donation 03/20483   570.1BAR2003 2021-0712 27/08/2021 27/08/2021 Open Shelf
    Dewey Decimal Classification     MUST Main Library MUST Main Library 27/08/2021 donation 03/20526   570.1BAR2003 2021-0713 27/08/2021 27/08/2021 Open Shelf